000 004990000a22001810004500
003 MACL
005 20160227170900.0
008 160227b xxu||||| |||| 00| 0 eng d
040 _aMACL
_cMACL
041 _aHindi
082 _a800
100 _aडॉ जयदेव सिंह
_941100
245 _aसबद
260 _bविश्‍वविघालय प्रकाशन
_c1981
_aवाराणसी
350 _a50
650 _aLiteracture
_939932
942 _cHIN
_k800
_2ddc
999 _c28044
_d28044